How'd They Meet: TV Couples Edition Quiz Stats

 Plays Quiz Updated May 22, 2013

Challenge
Share
Tweet
Embed
Score 0/20 Timer 05:00
5 Plays Today
% Correct
Lois Lane and Clark Kent
89.2%
Wilma and Fred Flintstone
83.2%
Rachel Green and Ross Geller
80.4%
Lily and Herman Munster
79.1%
Carrie Bradshaw and Mr. Big
77.2%
Penny ? and Leonard Hofstadter
77.2%
Samantha and Darrin Stephens
77%
Claire and Cliff Huxtable
72.2%
Diane Chambers and Sam Malone
71.8%
Amy Wong and Kif Kroker
64.1%
% Correct
Deanna Troi and William Riker
62.3%
Margaret Houlihan and Frank Burns
62.1%
Lois and Peter Griffin
55.3%
Peggy and Al Bundy
52.7%
Marge and Homer Simpson
47.1%
Debra and Raymond Barone
45.6%
Lucy and Ricky Ricardo
43.6%
Carrie and Doug Heffernan
33.8%
Rob and Laura Petrie
27.4%
Harriet and Ozzie Nelson
26%

You're not logged in!

Compare scores with friends on all Sporcle quizzes.
Join for Free
OR
Log In

You Might Also Like...

Show Comments

Extras

Top Quizzes Today


Score Distribution

Your Account Isn't Verified!

In order to create a playlist on Sporcle, you need to verify the email address you used during registration. Go to your Sporcle Settings to finish the process.

Report this User

Report this user for behavior that violates our Community Guidelines.

Details: